000
00410nam a22001817a 4500
003
MPLRDC
005
20220104113612.0
008
210129b ||||| |||| 00| 0 eng d
082
_a
848.1 LSQ
100
_a
梁实秋著
245
_a
秋室杂文
_c
250
_a
三版
260
_a
_b
文艺书屋
_c
1970
300
_b
平
490
_a
文星丛刊;1
650
_a
现代别集
942
_c
BK
_o
848.1 LSQ
999
_c
909
_d
899